[Event "chess.com SpeedChess 2023"]
[Site "chess.com INT"]
[Date "2023.09.05"]
[Round "1.1"]
[White "So, Wesley"]
[Black "Aronian, Levon"]
[Result "1/2-1/2"]
[WhiteTitle "GM"]
[BlackTitle "GM"]
[WhiteElo "2753"]
[BlackElo "2742"]
[WhiteFideId "5202213"]
[BlackFideId "13300474"]
[EventDate "2023.09.04"]
[EventType "k.o."]

1. e4 c5 2. Nf3 e6 3. d4 cxd4 4. Nxd4 Nc6 5. Nc3 Qc7 6. Be3 a6 7. Qf3 Nf6 8.
O-O-O Ne5 9. Qg3 b5 10. f4 Neg4 11. Bg1 b4 12. Na4 h5 13. e5 Ne4 14. Qe1 Bb7 15.
Bd3 Nc5 16. Nxc5 Bxc5 17. Qe2 Rc8 18. Kb1 g6 19. Nf3 Bxg1 20. Rhxg1 Qc5 21. Ng5
Nf2 22. Rc1 O-O 23. g4 hxg4 24. Rxg4 Kg7 25. Rg3 Rh8 26. h3 Rh4 27. Qd2 Qd4 28.
Nxf7 Ne4 29. Rxg6+ Kxg6 30. Nd6 Kh6 31. Qe1 Rxf4 32. Bxe4 Rxe4 33. Qg3 Qe3 34.
Nf7+ Kh7 35. Ng5+ Kh6 36. Nf7+ Kh7 37. Ng5+ Kh6 38. Nf7+ 1/2-1/2

[Event "chess.com SpeedChess 2023"]
[Site "chess.com INT"]
[Date "2023.09.05"]
[Round "1.2"]
[White "Aronian, Levon"]
[Black "So, Wesley"]
[Result "1/2-1/2"]
[WhiteTitle "GM"]
[BlackTitle "GM"]
[WhiteElo "2742"]
[BlackElo "2753"]
[WhiteFideId "13300474"]
[BlackFideId "5202213"]
[EventDate "2023.09.04"]
[EventType "k.o."]

1. e4 c5 2. Nf3 d6 3. Bc4 Nf6 4. d3 e6 5. O-O a6 6. Bb3 b5 7. c3 Bb7 8. Re1 Be7
9. Bc2 Nc6 10. Nbd2 Qc7 11. Nf1 O-O 12. Ng3 Ne5 13. Ng5 h6 14. Nh3 b4 15. d4
Ned7 16. d5 exd5 17. exd5 Rfe8 18. c4 Bf8 19. b3 Rxe1+ 20. Qxe1 Re8 21. Qd2 g6
22. Bb2 Bg7 23. Nf4 Nf8 24. Rf1 Bc8 25. Qc1 Qe7 26. Qa1 h5 27. Ne4 N8h7 28. Re1
Qd8 29. h3 Rf8 30. h4 Ne8 31. g3 Bf5 32. a3 a5 33. axb4 axb4 34. Bxg7 Nxg7 35.
Qa7 Re8 36. Re2 Bxe4 37. Rxe4 Rxe4 38. Bxe4 Nf8 39. Nh3 Qd7 40. Qxd7 Nxd7 41.
Ng5 Kf8 42. Kf1 Ke7 43. Ke2 Ne5 44. f3 Ne8 45. Nh3 Nf6 46. Bc2 Ne8 47. Nf2 Nf6
48. Nh3 Ne8 49. Nf2 Nf6 50. Nh3 1/2-1/2

[Event "chess.com SpeedChess 2023"]
[Site "chess.com INT"]
[Date "2023.09.05"]
[Round "1.3"]
[White "So, Wesley"]
[Black "Aronian, Levon"]
[Result "1-0"]
[WhiteTitle "GM"]
[BlackTitle "GM"]
[WhiteElo "2753"]
[BlackElo "2742"]
[WhiteFideId "5202213"]
[BlackFideId "13300474"]
[EventDate "2023.09.04"]
[EventType "k.o."]

1. d4 d5 2. Nf3 c6 3. Bf4 Qb6 4. Qc1 Bg4 5. e3 Nf6 6. c4 Nbd7 7. Nc3 e6 8. c5
Qd8 9. Nd2 Nh5 10. h3 Nxf4 11. hxg4 Ng6 12. f4 Be7 13. Bd3 O-O 14. Qc2 b6 15.
cxb6 c5 16. f5 Bh4+ 17. Kd1 c4 18. Be2 exf5 19. gxf5 Nh8 20. Nxd5 Nxb6 21. Nxb6
axb6 22. Bxc4 Bg5 23. Rh3 Re8 24. Qd3 Qe7 25. Kc2 b5 26. Bxb5 Rec8+ 27. Bc4 Qb7
28. g4 Qg2 29. Rah1 h6 30. Kb1 Rab8 31. Bb3 Re8 32. Nc4 Rbd8 33. Qc2 Qxg4 34.
Ne5 Rxe5 35. dxe5 Kh7 36. e6 fxe6 37. fxe6+ Ng6 38. R3h2 Qb4 39. Rf2 Qb7 40.
Qxg6+ 1-0

[Event "chess.com SpeedChess 2023"]
[Site "chess.com INT"]
[Date "2023.09.05"]
[Round "1.4"]
[White "Aronian, Levon"]
[Black "So, Wesley"]
[Result "0-1"]
[WhiteTitle "GM"]
[BlackTitle "GM"]
[WhiteElo "2742"]
[BlackElo "2753"]
[WhiteFideId "13300474"]
[BlackFideId "5202213"]
[EventDate "2023.09.04"]
[EventType "k.o."]

1. e4 e5 2. Nf3 Nc6 3. Bc4 Nf6 4. Ng5 d5 5. exd5 Na5 6. Bb5+ c6 7. dxc6 bxc6 8.
Be2 h6 9. Nh3 Bd6 10. d3 O-O 11. Nc3 Nd5 12. Bf3 Nxc3 13. bxc3 f5 14. Ng1 e4 15.
Be2 Qf6 16. Bd2 Rb8 17. h4 c5 18. h5 Be5 19. Nh3 f4 20. d4 cxd4 21. cxd4 Bxd4
22. Rb1 Rxb1 23. Qxb1 Bc3 24. Bxc3 Qxc3+ 25. Kf1 f3 26. gxf3 exf3 27. Bd3 Qe5
28. Qe1 Qxh5 0-1

[Event "chess.com SpeedChess 2023"]
[Site "chess.com INT"]
[Date "2023.09.05"]
[Round "1.5"]
[White "So, Wesley"]
[Black "Aronian, Levon"]
[Result "1-0"]
[WhiteTitle "GM"]
[BlackTitle "GM"]
[WhiteElo "2753"]
[BlackElo "2742"]
[WhiteFideId "5202213"]
[BlackFideId "13300474"]
[EventDate "2023.09.04"]
[EventType "k.o."]

1. e3 g6 2. Nf3 Bg7 3. d4 Nf6 4. Be2 O-O 5. O-O c5 6. d5 Ne4 7. Bd3 Nd6 8. Na3
a6 9. e4 b5 10. e5 b4 11. exd6 bxa3 12. Rb1 exd6 13. b3 a5 14. Bxa3 Na6 15. Bxa6
Bxa6 16. c4 Rb8 17. Qc2 a4 18. Bb2 Bxb2 19. Rxb2 Qf6 20. Rbb1 Rb6 21. Rfe1 Rfb8
22. Nd2 Qd4 23. Re4 Qf6 24. Rbe1 Rb4 25. Re8+ Rxe8 26. Rxe8+ Kg7 27. Re1 Rb6 28.
g3 Qd4 29. Kg2 Qf6 30. Re3 Rb8 31. Ne4 Qd4 32. Nxd6 Rb6 33. Re4 Qa1 34. Ne8+ Kf8
35. Qd2 Rb8 36. Qf4 1-0

[Event "chess.com SpeedChess 2023"]
[Site "chess.com INT"]
[Date "2023.09.05"]
[Round "1.6"]
[White "Aronian, Levon"]
[Black "So, Wesley"]
[Result "0-1"]
[WhiteTitle "GM"]
[BlackTitle "GM"]
[WhiteElo "2742"]
[BlackElo "2753"]
[WhiteFideId "13300474"]
[BlackFideId "5202213"]
[EventDate "2023.09.04"]
[EventType "k.o."]

1. e4 c5 2. Nf3 d6 3. c3 Nf6 4. Be2 g6 5. O-O Bg7 6. d3 O-O 7. Be3 Nc6 8. Nbd2
h6 9. d4 cxd4 10. cxd4 Ng4 11. Bf4 e5 12. dxe5 Ngxe5 13. Nc4 Qf6 14. Bg3 Rd8 15.
Ncxe5 dxe5 16. Qb3 Bg4 17. Rfe1 Bxf3 18. Qxf3 Qxf3 19. Bxf3 Nd4 20. Bd1 Rac8 21.
Rb1 h5 22. Re3 Bh6 23. Rc3 Bf4 24. Bxf4 exf4 25. Kf1 Kg7 26. Ke1 Kf6 27. Rbc1
Rxc3 28. Rxc3 Rd7 29. g3 Ke5 30. f3 b6 31. Ba4 Rd6 32. Kf2 Ne6 33. Ke2 g5 34.
Bb3 Nd4+ 35. Kf2 f5 36. exf5 Nxf5 37. Rc2 Ne3 38. Re2 h4 39. g4 a5 40. Ke1 Rd3
41. Rd2 Kd4 0-1

[Event "chess.com SpeedChess 2023"]
[Site "chess.com INT"]
[Date "2023.09.05"]
[Round "1.7"]
[White "So, Wesley"]
[Black "Aronian, Levon"]
[Result "1-0"]
[WhiteTitle "GM"]
[BlackTitle "GM"]
[WhiteElo "2753"]
[BlackElo "2742"]
[WhiteFideId "5202213"]
[BlackFideId "13300474"]
[EventDate "2023.09.04"]
[EventType "k.o."]

1. d4 Nf6 2. Nf3 g6 3. c4 Bg7 4. Nc3 O-O 5. e4 d6 6. Be2 e5 7. O-O Bg4 8. d5 a5
9. Ne1 Bxe2 10. Qxe2 Nbd7 11. Nd3 h5 12. f3 Nh7 13. Be3 b6 14. a3 a4 15. Qc2 f5
16. Nxa4 f4 17. Bd2 g5 18. g3 g4 19. fxg4 hxg4 20. gxf4 exf4 21. Bxf4 Ng5 22.
Nc3 Nf3+ 23. Kh1 Qe8 24. Qg2 Nf6 25. Nf2 Nxe4 26. Qxg4 Nxh2 27. Kxh2 Rxf4 28.
Qxf4 Be5 29. Nfxe4 Qh5+ 30. Kg2 Bxf4 31. Nf6+ 1-0

[Event "chess.com SpeedChess 2023"]
[Site "chess.com INT"]
[Date "2023.09.05"]
[Round "1.8"]
[White "Aronian, Levon"]
[Black "So, Wesley"]
[Result "1/2-1/2"]
[WhiteTitle "GM"]
[BlackTitle "GM"]
[WhiteElo "2742"]
[BlackElo "2753"]
[WhiteFideId "13300474"]
[BlackFideId "5202213"]
[EventDate "2023.09.04"]
[EventType "k.o."]

1. d4 e6 2. e4 d5 3. Nc3 dxe4 4. Nxe4 Nd7 5. Nf3 Ngf6 6. Nxf6+ Nxf6 7. c3 c5 8.
Be3 Qc7 9. Bb5+ Bd7 10. Bxd7+ Nxd7 11. d5 exd5 12. Qxd5 Nf6 13. Qc4 Be7 14. O-O
O-O 15. Rfe1 Rfe8 16. Bg5 h6 17. Bh4 g5 18. Bg3 Bd6 19. Nd2 Rxe1+ 20. Rxe1 Re8
21. Rxe8+ Nxe8 22. Qa4 Qd8 23. Nf1 a6 24. Qd1 Bc7 25. Qxd8 Bxd8 26. Ne3 Kg7 27.
Kf1 Kg6 28. f3 f5 29. Bf2 Bc7 30. h4 f4 31. Nd5 Bd6 32. hxg5 hxg5 33. Ke2 Kf5
34. Kd3 Ng7 35. Nb6 g4 36. fxg4+ Kxg4 37. Ke4 Nf5 38. Nc4 Bc7 39. Nd2 Bd8 40.
Nf3 Be7 41. Ne5+ Kg5 42. Nd3 Kg4 43. Ne5+ Kg5 44. c4 b6 45. b3 Bf6 46. Nd3 Kg4
47. Nxf4 Nd6+ 48. Kd5 Nxc4 49. bxc4 Kxf4 50. Kc6 Bd8 51. a4 Ke4 52. g4 Kd3 53.
Kd5 Kc3 54. Be3 Kb4 55. g5 Bxg5 56. Bxg5 Kxa4 57. Be7 b5 58. Bxc5 bxc4 59. Kxc4
a5 60. Bd6 1/2-1/2

[Event "chess.com SpeedChess 2023"]
[Site "chess.com INT"]
[Date "2023.09.05"]
[Round "1.9"]
[White "So, Wesley"]
[Black "Aronian, Levon"]
[Result "1-0"]
[WhiteTitle "GM"]
[BlackTitle "GM"]
[WhiteElo "2753"]
[BlackElo "2742"]
[WhiteFideId "5202213"]
[BlackFideId "13300474"]
[EventDate "2023.09.04"]
[EventType "k.o."]

1. d4 Nf6 2. Nf3 g6 3. c4 Bg7 4. Nc3 O-O 5. e4 d6 6. Be2 e5 7. Be3 Ng4 8. Bg5 f6
9. Bh4 Nc6 10. d5 Nd4 11. Nxd4 exd4 12. Nb5 Re8 13. O-O Rxe4 14. Bg3 f5 15. Bf3
d3 16. Bxe4 fxe4 17. Qd2 Ne5 18. b3 Bg4 19. Rae1 Nf3+ 20. gxf3 Bxf3 21. Re3 Qd7
22. Rxf3 exf3 23. Qxd3 a6 24. Nc3 Rf8 25. Kh1 Qg4 26. Rg1 Re8 27. Nd1 Qh5 28.
Ne3 Bh6 29. Re1 Qh3 30. Qf1 Qd7 31. Nc2 Bg7 32. Rxe8+ Qxe8 33. Qd3 Qe2 34. Qxe2
fxe2 35. Kg2 g5 1-0

[Event "chess.com SpeedChess 2023"]
[Site "chess.com INT"]
[Date "2023.09.05"]
[Round "1.10"]
[White "Aronian, Levon"]
[Black "So, Wesley"]
[Result "1/2-1/2"]
[WhiteTitle "GM"]
[BlackTitle "GM"]
[WhiteElo "2742"]
[BlackElo "2753"]
[WhiteFideId "13300474"]
[BlackFideId "5202213"]
[EventDate "2023.09.04"]
[EventType "k.o."]

1. e4 c5 2. Nf3 d6 3. c3 Nf6 4. Be2 g6 5. O-O Bg7 6. d3 O-O 7. Be3 Nc6 8. Nbd2
e5 9. a3 h6 10. h3 a6 11. b4 Qe7 12. bxc5 dxc5 13. Nc4 b5 14. Nb6 Rb8 15. Nxc8
Rfxc8 16. Nd2 h5 17. Nb3 c4 18. Nc5 cxd3 19. Qxd3 Ra8 20. a4 b4 21. cxb4 Nxb4
22. Qb1 a5 23. Rc1 Nc6 24. Nb3 Nd4 25. Rxc8+ Rxc8 26. Bd3 Rb8 27. Bxd4 exd4 28.
Qc2 Nxe4 29. Re1 Qb4 30. Rxe4 Qxb3 31. Re8+ Kh7 32. Rxb8 Qxb8 33. Qc4 Qe5 34.
Qxf7 Qe1+ 35. Kh2 Qe5+ 36. f4 Qf6 37. Qc7 h4 38. Kg1 Kh6 39. Qxa5 Qxf4 40. Qe1
Be5 41. Qf2 Qc1+ 42. Bf1 Kg5 43. Qf3 Bf4 44. Qg4+ Kf6 45. Qxh4+ Kg7 46. Qe7+ Kh6
47. Qf8+ Kh7 48. Qe7+ Kh6 49. Qh4+ Kg7 50. Qe7+ Kh6 1/2-1/2

[Event "chess.com SpeedChess 2023"]
[Site "chess.com INT"]
[Date "2023.09.05"]
[Round "1.11"]
[White "So, Wesley"]
[Black "Aronian, Levon"]
[Result "1-0"]
[WhiteTitle "GM"]
[BlackTitle "GM"]
[WhiteElo "2753"]
[BlackElo "2742"]
[WhiteFideId "5202213"]
[BlackFideId "13300474"]
[EventDate "2023.09.04"]
[EventType "k.o."]

1. e4 c5 2. Nf3 e6 3. d4 cxd4 4. Nxd4 Nc6 5. Nc3 Qc7 6. Be3 a6 7. Qd2 Nf6 8.
O-O-O Bb4 9. f3 Na5 10. Nb3 Nc4 11. Bxc4 Qxc4 12. Bd4 Be7 13. e5 Nd5 14. Nxd5
Qxd5 15. Qe3 b5 16. Kb1 Qb7 17. Nc5 Qc7 18. Ne4 Bb7 19. Nd6+ Bxd6 20. exd6 Qc6
21. Qg5 f6 22. Bxf6 1-0

[Event "chess.com SpeedChess 2023"]
[Site "chess.com INT"]
[Date "2023.09.05"]
[Round "1.12"]
[White "Aronian, Levon"]
[Black "So, Wesley"]
[Result "1-0"]
[WhiteTitle "GM"]
[BlackTitle "GM"]
[WhiteElo "2742"]
[BlackElo "2753"]
[WhiteFideId "13300474"]
[BlackFideId "5202213"]
[EventDate "2023.09.04"]
[EventType "k.o."]

1. e4 e6 2. d4 d5 3. Nc3 Bb4 4. e5 c5 5. a3 Bxc3+ 6. bxc3 Ne7 7. Nf3 Qc7 8. a4
h6 9. Bb5+ Bd7 10. Bd3 Nbc6 11. O-O O-O 12. Ba3 b6 13. dxc5 Rfc8 14. Qd2 Ng6 15.
cxb6 axb6 16. Bd6 Qd8 17. Rfe1 Na5 18. Nd4 Nc4 19. Bxc4 Rxc4 20. f4 Nh4 21. Re3
Rcxa4 22. Rae1 Nf5 23. Nxf5 exf5 24. Qxd5 Be6 25. Qf3 Qc8 26. h3 Ra1 27. Kh2
Rxe1 28. Rxe1 Ra4 29. Rb1 Qd8 30. Rd1 Kh7 31. Rd4 b5 32. Qg3 Qc8 33. Bb4 Ra2 34.
Rd2 Qa8 35. Qh4 Qb7 36. Bf8 Ra8 37. Be7 Qe4 38. Rd3 Ra4 39. Bg5 Bd5 40. Rg3 Ra6
41. Bf6 g6 42. Be7 Qxc2 43. Bf8 h5 44. Qg5 Kg8 45. Qh6 1-0

[Event "chess.com SpeedChess 2023"]
[Site "chess.com INT"]
[Date "2023.09.05"]
[Round "1.13"]
[White "So, Wesley"]
[Black "Aronian, Levon"]
[Result "0-1"]
[WhiteTitle "GM"]
[BlackTitle "GM"]
[WhiteElo "2753"]
[BlackElo "2742"]
[WhiteFideId "5202213"]
[BlackFideId "13300474"]
[EventDate "2023.09.04"]
[EventType "k.o."]

1. d4 Nf6 2. Nf3 e6 3. Bf4 b5 4. e3 a6 5. c4 c5 6. d5 Bb7 7. dxe6 fxe6 8. cxb5
Qa5+ 9. Nbd2 axb5 10. Be2 Be7 11. O-O O-O 12. a3 Nc6 13. b4 cxb4 14. axb4 Qb6
15. Ne5 Rxa1 16. Qxa1 Ra8 17. Qb1 Ra4 18. Qd3 Nxe5 19. Bxe5 Rxb4 20. Bxf6 Bxf6
21. Qxd7 Qc6 22. Qxc6 Bxc6 23. Rb1 Rxb1+ 24. Nxb1 Kf7 25. Kf1 Ke7 26. Bd3 h6 27.
Nd2 b4 28. g3 Bc3 29. Ke2 Bd5 30. Be4 Kd6 31. Bxd5 Kxd5 32. Nb3 Kc4 33. Na5+ Kb5
34. Nb3 Ka4 35. Nc5+ Ka3 36. Kd3 b3 0-1

[Event "chess.com SpeedChess 2023"]
[Site "chess.com INT"]
[Date "2023.09.05"]
[Round "1.14"]
[White "Aronian, Levon"]
[Black "So, Wesley"]
[Result "0-1"]
[WhiteTitle "GM"]
[BlackTitle "GM"]
[WhiteElo "2742"]
[BlackElo "2753"]
[WhiteFideId "13300474"]
[BlackFideId "5202213"]
[EventDate "2023.09.04"]
[EventType "k.o."]

1. e4 c5 2. Nf3 d6 3. Bc4 Nf6 4. d3 e6 5. O-O a6 6. Bb3 b5 7. Re1 Bb7 8. c3 Be7
9. Bc2 Nc6 10. Nbd2 O-O 11. d4 Rc8 12. a3 cxd4 13. cxd4 Qc7 14. Bd3 Qb6 15. Nb3
a5 16. Be3 Ng4 17. Bd2 a4 18. Nc1 Na5 19. Bc3 Nf6 20. Na2 Nc4 21. Rb1 Rc7 22.
Bb4 Rfc8 23. Nc3 Ba6 24. Bxc4 Rxc4 25. e5 Nd5 26. Nxd5 exd5 27. Qd3 Qd8 28. Qf5
R4c7 29. Qh5 Qf8 30. e6 fxe6 31. Rxe6 Qf7 32. Rbe1 Qxh5 0-1

[Event "chess.com SpeedChess 2023"]
[Site "chess.com INT"]
[Date "2023.09.05"]
[Round "1.15"]
[White "So, Wesley"]
[Black "Aronian, Levon"]
[Result "1/2-1/2"]
[WhiteTitle "GM"]
[BlackTitle "GM"]
[WhiteElo "2753"]
[BlackElo "2742"]
[WhiteFideId "5202213"]
[BlackFideId "13300474"]
[EventDate "2023.09.04"]
[EventType "k.o."]

1. d4 d5 2. Nf3 Nc6 3. c4 Bg4 4. Nc3 e6 5. Bf4 Bb4 6. e3 Nge7 7. Rc1 O-O 8. a3
Bxc3+ 9. Rxc3 dxc4 10. Rxc4 Ng6 11. Bg3 f5 12. Be2 f4 13. exf4 Nxf4 14. Bxf4
Rxf4 15. O-O Qf6 16. Ne5 Nxe5 17. dxe5 Qxe5 18. Rxf4 Bxe2 19. Qd4 Qxd4 20. Rxd4
Bxf1 21. Kxf1 a5 22. Rd7 Ra6 23. Rxc7 Rb6 24. Rc5 Rxb2 25. Rxa5 Kf7 26. Rc5 Kf6
27. Rc7 b5 28. h4 Rb1+ 29. Ke2 Rb2+ 30. Kf1 Rb1+ 31. Ke2 Rb2+ 32. Kf1 1/2-1/2

[Event "chess.com SpeedChess 2023"]
[Site "chess.com INT"]
[Date "2023.09.05"]
[Round "1.16"]
[White "Aronian, Levon"]
[Black "So, Wesley"]
[Result "1-0"]
[WhiteTitle "GM"]
[BlackTitle "GM"]
[WhiteElo "2742"]
[BlackElo "2753"]
[WhiteFideId "13300474"]
[BlackFideId "5202213"]
[EventDate "2023.09.04"]
[EventType "k.o."]

1. e4 e6 2. d4 d5 3. Nc3 Nf6 4. Bg5 h6 5. Bxf6 Qxf6 6. a3 Qd8 7. Nf3 Be7 8. Bd3
c6 9. Qe2 Nd7 10. h4 b6 11. O-O-O Bb7 12. Rh3 Qc7 13. Rg3 g6 14. exd5 cxd5 15.
Bb5 a6 16. Bxd7+ Qxd7 17. Ne5 Qd6 18. Rf3 Rf8 19. Qe3 Bxh4 20. Qxh6 Qe7 21. Kb1
Bf6 22. Ng4 Bg5 23. Qg7 f6 24. Qxg6+ Kd7 25. Re1 Kc7 26. Rh3 Rh8 27. Rxh8 Rxh8
28. f4 Bxf4 29. Nxf6 Rh6 30. Nfxd5+ 1-0

[Event "chess.com SpeedChess 2023"]
[Site "chess.com INT"]
[Date "2023.09.05"]
[Round "1.17"]
[White "So, Wesley"]
[Black "Aronian, Levon"]
[Result "1-0"]
[WhiteTitle "GM"]
[BlackTitle "GM"]
[WhiteElo "2753"]
[BlackElo "2742"]
[WhiteFideId "5202213"]
[BlackFideId "13300474"]
[EventDate "2023.09.04"]
[EventType "k.o."]

1. Nf3 d5 2. d4 Bf5 3. c4 e6 4. Nc3 Nf6 5. Bg5 c6 6. Qb3 Nbd7 7. e3 Qa5 8. Nd2
Bb4 9. a3 Bxc3 10. Qxc3 Qxc3 11. bxc3 O-O 12. f3 Nb6 13. a4 Rfc8 14. c5 Nbd7 15.
a5 b6 16. Ba6 Rcb8 17. g4 Bg6 18. Bf4 bxc5 19. Bxb8 Rxb8 20. Ke2 e5 21. Bd3 exd4
22. Bxg6 dxc3 23. Bf5 Ne5 24. Rab1 Re8 25. Nb3 g6 26. g5 Nh5 27. Bg4 c4 28. Bxh5
cxb3 29. Rxb3 gxh5 30. Rxc3 Nc4 31. Rb1 Nxa5 32. Rc5 Nc4 33. e4 Ne5 34. Rb7 dxe4
35. fxe4 Kg7 36. Rxa7 h6 37. gxh6+ Kxh6 38. h3 Kg6 39. Ke3 f6 40. Rc1 Rb8 41.
Rg1+ Kh6 42. Kf4 Rb5 43. Rg8 Ng6+ 44. Ke3 Kg5 45. Rag7 1-0

[Event "chess.com SpeedChess 2023"]
[Site "chess.com INT"]
[Date "2023.09.05"]
[Round "1.18"]
[White "Aronian, Levon"]
[Black "So, Wesley"]
[Result "1-0"]
[WhiteTitle "GM"]
[BlackTitle "GM"]
[WhiteElo "2742"]
[BlackElo "2753"]
[WhiteFideId "13300474"]
[BlackFideId "5202213"]
[EventDate "2023.09.04"]
[EventType "k.o."]

1. e4 d6 2. d4 Nf6 3. Nc3 g6 4. f4 Bg7 5. Nf3 c5 6. dxc5 Qa5 7. Qd3 Qxc5 8. Be3
Qa5 9. Qb5+ Nc6 10. Qxa5 Nxa5 11. Nb5 Kd7 12. e5 Nd5 13. Bd2 Nc6 14. O-O-O a6
15. Nc3 Nxc3 16. Bxc3 Ke8 17. Bc4 dxe5 18. fxe5 Bg4 19. e6 Bxc3 20. exf7+ Kf8
21. bxc3 Na5 22. Bd5 e6 23. Be4 Ke7 24. Rhe1 Bxf3 25. Bxf3 Rhd8 26. Bd5 Rd6 27.
c4 Kxf7 28. Bf3 Ke7 29. Rxd6 Kxd6 30. c5+ Ke7 31. Bg4 Kf8 32. Rxe6 Rd8 33. Rb6
Rd5 34. Bf3 Rxc5 35. Bxb7 Re5 36. Bxa6 Re1+ 37. Kb2 Rg1 38. Rb8+ Ke7 39. Rh8 h5
40. g3 Rg2 41. Bd3 Kf6 42. Rh6 Rxh2 43. Rxg6+ Ke7 44. Rg5 Nc6 45. a4 Kd6 46. a5
Nb4 47. Kb3 1-0

[Event "chess.com SpeedChess 2023"]
[Site "chess.com INT"]
[Date "2023.09.05"]
[Round "1.19"]
[White "So, Wesley"]
[Black "Aronian, Levon"]
[Result "0-1"]
[WhiteTitle "GM"]
[BlackTitle "GM"]
[WhiteElo "2753"]
[BlackElo "2742"]
[WhiteFideId "5202213"]
[BlackFideId "13300474"]
[EventDate "2023.09.04"]
[EventType "k.o."]

1. Nf3 c5 2. e3 Nf6 3. d4 g6 4. dxc5 Qa5+ 5. Nbd2 Qxc5 6. a3 Bg7 7. b4 Qc3 8.
Rb1 Qc7 9. Bb2 O-O 10. c4 Nc6 11. Be2 a5 12. b5 Nd8 13. O-O b6 14. Rc1 Ne6 15.
Nd4 Nc5 16. N4b3 Ng4 17. Bxg4 Bxb2 18. Rb1 Bxa3 19. Nd4 Bb7 20. Nc2 Bb4 21. Nxb4
axb4 22. Rxb4 Ra2 23. Bf3 Qd6 24. Nb1 Nd3 25. Rb3 Bxf3 26. gxf3 Nxf2 27. Qxd6
Nh3+ 28. Kh1 exd6 29. Nc3 Rd2 30. Ne4 Rc2 31. Nxd6 Ra8 32. Ne4 Raa2 0-1

[Event "chess.com SpeedChess 2023"]
[Site "chess.com INT"]
[Date "2023.09.05"]
[Round "1.20"]
[White "Aronian, Levon"]
[Black "So, Wesley"]
[Result "0-1"]
[WhiteTitle "GM"]
[BlackTitle "GM"]
[WhiteElo "2742"]
[BlackElo "2753"]
[WhiteFideId "13300474"]
[BlackFideId "5202213"]
[EventDate "2023.09.04"]
[EventType "k.o."]

1. e4 e5 2. Nf3 Nc6 3. Bc4 Bc5 4. c3 Nf6 5. d3 d6 6. Nbd2 O-O 7. h3 a5 8. Bb3
Be6 9. O-O Bxb3 10. Qxb3 Qd7 11. Re1 a4 12. Qc2 h6 13. Nf1 d5 14. exd5 Qxd5 15.
Be3 Rfe8 16. Ng3 Bf8 17. Ne4 Nxe4 18. dxe4 Qc4 19. Nd2 Qb5 20. b4 Red8 21. a3
Qd3 22. Rac1 Qxc2 23. Rxc2 Ne7 24. Nc4 f6 25. Kf1 Kf7 26. Ke2 Ke6 27. Nb2 Nc8
28. c4 b6 29. c5 b5 30. c6 Nd6 31. f3 h5 32. g4 g6 33. Rg1 hxg4 34. hxg4 Be7 35.
Bc5 Rh8 36. Bxd6 Bxd6 37. Ke3 Rad8 38. Nd3 Rh3 39. Nc5+ Bxc5+ 40. Rxc5 Rh2 41.
Rxb5 Ra2 42. Rb7 Rad2 0-1

[Event "chess.com SpeedChess 2023"]
[Site "chess.com INT"]
[Date "2023.09.05"]
[Round "1.21"]
[White "So, Wesley"]
[Black "Aronian, Levon"]
[Result "0-1"]
[WhiteTitle "GM"]
[BlackTitle "GM"]
[WhiteElo "2753"]
[BlackElo "2742"]
[WhiteFideId "5202213"]
[BlackFideId "13300474"]
[EventDate "2023.09.04"]
[EventType "k.o."]

1. d4 d5 2. Nf3 Bg4 3. c4 Nc6 4. Nc3 e6 5. Bf4 Bb4 6. e3 Nge7 7. Rc1 O-O 8. Bg3
Na5 9. cxd5 Nxd5 10. Be2 c5 11. O-O cxd4 12. Qxd4 Nxc3 13. bxc3 Qxd4 14. cxd4
Rfc8 15. h3 Bf5 16. Nh4 Bc2 17. a3 Bd2 18. Ra1 Bc3 19. Rac1 Bb2 20. Nf3 Bxc1 21.
Rxc1 Be4 22. Re1 f6 23. Nd2 Bg6 24. e4 Rc2 25. Bf4 Rd8 26. Be3 Nc6 27. Bg4 Nxd4
28. e5 Nf5 29. exf6 Nxe3 30. Bxe6+ Bf7 31. fxg7 Rcxd2 32. Rxe3 Bxe6 33. Rxe6
R2d7 34. h4 Rxg7 35. h5 Kf7 36. Re3 Rg5 37. Rf3+ Kg7 38. Rb3 b6 39. Rh3 Rd6 40.
f3 Rd2 41. g4 Rc5 42. h6+ Kg6 43. Rh5 Rc1# 0-1

[Event "chess.com SpeedChess 2023"]
[Site "chess.com INT"]
[Date "2023.09.05"]
[Round "1.22"]
[White "Aronian, Levon"]
[Black "So, Wesley"]
[Result "0-1"]
[WhiteTitle "GM"]
[BlackTitle "GM"]
[WhiteElo "2742"]
[BlackElo "2753"]
[WhiteFideId "13300474"]
[BlackFideId "5202213"]
[EventDate "2023.09.04"]
[EventType "k.o."]

1. e4 e5 2. Nf3 Nc6 3. Bc4 Bc5 4. d3 Nf6 5. O-O d6 6. c3 a6 7. Nbd2 h6 8. b4 Ba7
9. a4 O-O 10. Re1 Ne7 11. Nf1 Ng6 12. Bb3 c6 13. Ng3 Re8 14. h3 Be6 15. Bxe6
Rxe6 16. c4 d5 17. a5 Qd7 18. c5 Rd8 19. Qb3 Bb8 20. Bb2 Rde8 21. Rad1 Qc8 22.
Nf5 Bc7 23. Bc1 Ne7 24. Ne3 Rd8 25. Qc2 Ng6 26. g3 Ree8 27. Kg2 Qe6 28. h4 Ng4
29. h5 Nxe3+ 30. Bxe3 Nf4+ 31. Bxf4 exf4 32. e5 fxg3 33. fxg3 Qg4 34. d4 Qxh5
35. Rh1 Qg4 36. Rh4 Qg6 37. Qe2 f6 38. Re1 fxe5 39. dxe5 Re7 40. Qe3 Rde8 41.
Qd4 Qc2+ 42. Kg1 Rf8 43. Rf4 Rxf4 44. Qxf4 Rf7 45. Qe3 Qg6 46. Nd4 Re7 47. Qf4
Qh5 48. Nf5 Rf7 49. Rf1 Qg6 50. Kg2 Kh7 51. g4 Rf8 52. Re1 Re8 53. Qd4 Qg5 54.
e6 Bd8 55. e7 Bxe7 56. Re6 Bf6 57. Qe3 Qxg4+ 58. Kh2 Qh5+ 59. Kg2 Rxe6 60. Qxe6
Qg4+ 61. Kh2 Qxb4 62. Nd6 Qf4+ 63. Kh3 Qf3+ 64. Kh2 Qf4+ 65. Kg2 d4 66. Ne4 d3 0-1

[Event "chess.com SpeedChess 2023"]
[Site "chess.com INT"]
[Date "2023.09.05"]
[Round "1.23"]
[White "So, Wesley"]
[Black "Aronian, Levon"]
[Result "0-1"]
[WhiteTitle "GM"]
[BlackTitle "GM"]
[WhiteElo "2753"]
[BlackElo "2742"]
[WhiteFideId "5202213"]
[BlackFideId "13300474"]
[EventDate "2023.09.04"]
[EventType "k.o."]

1. Nf3 c5 2. c3 Nf6 3. d4 Qc7 4. d5 b5 5. c4 Bb7 6. Bg5 Ne4 7. Qc2 Nxg5 8. Nxg5
e6 9. e4 Be7 10. Nf3 O-O 11. Bd3 exd5 12. exd5 g6 13. O-O d6 14. Re1 Re8 15.
cxb5 Nd7 16. Nc3 Nb6 17. Rad1 Bf8 18. b3 Rxe1+ 19. Nxe1 Bg7 20. Bc4 Re8 21. Nf3
Qe7 22. h3 Bc8 23. a4 Bf5 24. Bd3 Bxd3 25. Qxd3 Qf6 26. Ne4 Qf4 27. Nfd2 Qf5 28.
Qf3 Qe5 29. a5 Nd7 30. g4 h6 31. Ng3 Qb2 32. Nc4 Qc2 33. Nxd6 Ne5 34. Qe2 Qxe2
35. Nxe2 Nf3+ 36. Kf1 Nh2+ 37. Ke1 Bc3+ 38. Rd2 Bxd2+ 39. Kxd2 Nf3+ 40. Kd3 Rd8 0-1